000 00479nam a22001697a 4500
003 BD-ChCU
005 20260408120112.0
008 260408b bg ||||| |||| 00| 0 ben d
040 _cBD-ChCU
082 _a372 THE
100 _aThorndike , Edward L.
_921409
245 _aElementary principles of education ./
_cEdward L . Thorndike .
260 _aNew York :
_bMacmillan
_cC 1931
300 _ax , 335p.
650 0 _aEducation , Elementary .
_921410
942 _2ddc
_cBK
_n0
999 _c112164
_d112164